UK Birds by Picture (Bunting Special) - Statistics

General Stats
  • This quiz has been taken 19 times
  • The average score is 8 of 16
Answer Stats
Picture Answer % Correct
Reed Bunting
100%
Yellowhammer
100%
Corn Bunting
83%
Snow Bunting
78%
Ortolan Bunting
72%
Cirl Bunting
67%
Lapland Bunting
61%
Little Bunting
44%
Black-Headed Bunting
28%
Rock Bunting
28%
Rustic Bunting
28%
Yellow-Breasted Bunting
22%
Cretzschmar's Bunting
11%
Pallas's Reed Bunting
11%
Pine Bunting
11%
Yellow-Browed Bunting
11%
No matching quizzes found
Score Distribution
Percent of People with Each Score
Percentile by Number Answered
Your Score History
You have not taken this quiz